Statistics for Name all college football teams

Click here to take the quiz!

General Stats

  • This quiz has been taken 19 times
  • The average score is 89 of 130

Answer Stats

Answer% Correct
Alabama
100%
Arizona
100%
California
100%
Colorado
100%
Florida
100%
Georgia
100%
Kansas
100%
Kentucky
100%
Miami FL
100%
Miami OH
100%
Michigan
100%
Michigan State
100%
Oklahoma
100%
Oregon
100%
Tennessee
100%
Texas
100%
Utah
100%
Washington
100%
Arizona State
92%
Arkansas
92%
Florida State
92%
Indiana
92%
Iowa
92%
Kansas State
92%
Maryland
92%
Missouri
92%
New Mexico
92%
Oklahoma State
92%
Oregon State
92%
South Carolina
92%
Texas A&M
92%
Texas Christian
92%
Texas Tech
92%
UCLA
92%
West Virginia
92%
Wisconsin
92%
Auburn
83%
Baylor
83%
Clemson
83%
Illinois
83%
Iowa State
83%
LSU
83%
Minnesota
83%
Mississippi State
83%
Nebraska
83%
Nevada
83%
Notre Dame
83%
Ohio
83%
Ole Miss
83%
Penn State
83%
Purdue
83%
Stanford
83%
Syracuse
83%
UNC
83%
USC
83%
Virginia
83%
Washington State
83%
Wyoming
83%
Army
75%
Central Michigan
75%
Colorado State
75%
Georgia Tech
75%
Navy
75%
NC State
75%
Ohio State
75%
Rutgers
75%
Vanderbilt
75%
Western Michigan
75%
Air Force
67%
Boise State
67%
Connecticut
67%
Eastern Michigan
67%
Fresno State
67%
Hawaii
67%
Houston
67%
Louisville
67%
NM State
67%
Pittsburgh
67%
San Diego State
67%
UCF
67%
Utah State
67%
Virginia Tech
67%
Wake Forest
67%
Boston College
58%
Buffalo
58%
Cincinnati
58%
Duke
58%
Memphis
58%
Northwestern
58%
Rice
58%
Tulane
58%
UNLV
58%
UTEP
58%
Akron
50%
BYU
50%
Coastal Carolina
50%
Louisiana
50%
Marshall
50%
San Jose State
50%
Toledo
50%
Ball State
42%
East Carolina
42%
Middle Tenn
42%
Tulsa
42%
UAB
42%
Western Kentucky
42%
Arkansas State
33%
FL Atlantic
33%
Georgia State
33%
Liberty
33%
Northern IL
33%
North Texas
33%
SMU
33%
South Florida
33%
Temple
33%
Texas State
33%
Troy
33%
App State
25%
Bowling Green
25%
Charlotte
25%
Georgia Southern
25%
Kent State
25%
LA Tech
25%
Southern Miss
25%
UMASS
25%
UTSA
25%
FIU
17%
Old Dominion
17%
LA-Monroe
8%
South Alabama
8%

Score Distribution

Percentile by Number Answered

Percent of People with Each Score

Your Score History

You have not taken this quiz